• 首页
  • 本馆介绍
  • 公告通知
  • 最新文献
  • 馆藏检索
  • 电子资源
  • 读者导购
  • 参考咨询
  • 我的图书馆
  • 登录
  • 详细信息显示
  • 放入我的书架
  • 预约/预借图书
  • 作者相关作品
  • 分类相关作品
  • 丛书相关作品
  • 出版社相关作品

书目信息

  • 表格格式
  • 工作单格式
  • 卡片格式
题名:
鹅掌楸属种质资源及其创新利用
    
 
作者: 余发新 著
分册:  
出版信息: 北京   中国林业出版社  2016
页数: 228页
开本: 24cm
丛书名:
单 册:
中图分类: S792.210.4 , S792
科图分类:
主题词: 鹅掌楸属--种质资源--资源利用
电子资源:
ISBN: 978-7-5038-8437-5
000 00975nam0 2200241 450
001 2363636881
005 20231126174049.08
010    @a978-7-5038-8437-5@dCNY69.00
100    @a20181129d2016 em y0chiy50 ea
101 0  @achi
102    @aCN@b110000
105    @aa z 000yy
200 1  @a鹅掌楸属种质资源及其创新利用@Ae zhang qiu shu zhong zhi zi yuan ji qi chuang xin li yong@dThe germpalsm resources and innovative utilization of liriodendron@f余发新等著@zeng
210    @a北京@c中国林业出版社@d2016
215    @a228页@c图@d24cm
330    @a本书介绍了鹅掌楸属种质资源的基本状况及其创新利用的相关知识,具体内容有鹅掌楸属概述、鹅掌楸属种质资源、鹅掌楸生殖特性、鹅掌楸属种间杂交育种等。
510 1  @aGermpalsm resources and innovative utilization of liriodendron@zeng
606 0  @a鹅掌楸属@x种质资源@x资源利用
690    @aS792.210.4@v5
690    @aS792@v4
701  0 @a余发新@Ayu fa xin@f(1967~)@4著
801  0 @aCN@b山东中教@c20231126
905    @aBZT@dS792@e2
    
    鹅掌楸属种质资源及其创新利用=The germpalsm resources and innovative utilization of liriodendron/余发新等著.-北京:中国林业出版社,2016
    228页:图;24cm
    
    
    ISBN 978-7-5038-8437-5:CNY69.00
    本书介绍了鹅掌楸属种质资源的基本状况及其创新利用的相关知识,具体内容有鹅掌楸属概述、鹅掌楸属种质资源、鹅掌楸生殖特性、鹅掌楸属种间杂交育种等。
●
相关链接 在五车中查询图书 在当当中查询图书 在豆瓣中查询图书


正题名:鹅掌楸属种质资源及其创新利用     索取号:S792/2         预约/预借

序号 登录号 条形码 馆藏地/架位号 状态 备注
1 2001214208   2001214208   中教(第二批第二书库)/山东中教(第二批)/522/ [索取号:S792/2] 在馆    
2 2001214209   2001214209   中教(第二批第二书库)/山东中教(第二批)/522/ [索取号:S792/2] 在馆    
3 2001214210   2001214210   中教(第二批第二书库)/山东中教(第二批)/522/ [索取号:S792/2] 在馆    
4 2001214211   2001214211   中教(第二批第二书库)/山东中教(第二批)/522/ [索取号:S792/2] 在馆    
5 2001214212   2001214212   中教(第二批第二书库)/山东中教(第二批)/522/ [索取号:S792/2] 在馆    
6 2001214213   2001214213   中教(第二批第二书库)/山东中教(第二批)/522/ [索取号:S792/2] 在馆    
7 2001214214   2001214214   中教(第二批第二书库)/山东中教(第二批)/522/ [索取号:S792/2] 在馆    
8 2001214215   2001214215   中教(第二批第二书库)/山东中教(第二批)/522/ [索取号:S792/2] 在馆    
9 2001214216   2001214216   中教(第二批第二书库)/山东中教(第二批)/522/ [索取号:S792/2] 在馆    
10 2001214217   2001214217   中教(第二批第二书库)/山东中教(第二批)/522/ [索取号:S792/2] 在馆    
11 2001214218   2001214218   中教(第二批第二书库)/山东中教(第二批)/522/ [索取号:S792/2] 在馆    
12 2001214219   2001214219   中教(第二批第二书库)/山东中教(第二批)/522/ [索取号:S792/2] 在馆    
13 2001214220   2001214220   中教(第二批第二书库)/山东中教(第二批)/522/ [索取号:S792/2] 在馆    
14 2001214221   2001214221   中教(第二批第二书库)/山东中教(第二批)/522/ [索取号:S792/2] 在馆    
15 2001214222   2001214222   中教(第二批第二书库)/山东中教(第二批)/522/ [索取号:S792/2] 在馆    
16 2001214223   2001214223   中教(第二批第二书库)/山东中教(第二批)/522/ [索取号:S792/2] 在馆    
17 2001214224   2001214224   中教(第二批第二书库)/山东中教(第二批)/522/ [索取号:S792/2] 在馆    
18 2001214225   2001214225   中教(第二批第二书库)/山东中教(第二批)/522/ [索取号:S792/2] 在馆    
19 2001214226   2001214226   中教(第二批第二书库)/山东中教(第二批)/522/ [索取号:S792/2] 在馆    
20 2001214227   2001214227   中教(第二批第二书库)/山东中教(第二批)/522/ [索取号:S792/2] 在馆    
21 2001214228   2001214228   中教(第二批第二书库)/山东中教(第二批)/522/ [索取号:S792/2] 在馆    
22 2001214229   2001214229   中教(第二批第二书库)/山东中教(第二批)/522/ [索取号:S792/2] 在馆    
23 2001214230   2001214230   中教(第二批第二书库)/山东中教(第二批)/522/ [索取号:S792/2] 在馆    
24 2001214231   2001214231   中教(第二批第二书库)/山东中教(第二批)/522/ [索取号:S792/2] 在馆    
25 2001214232   2001214232   中教(第二批第二书库)/山东中教(第二批)/522/ [索取号:S792/2] 在馆    
山东省滨州职业学院图书馆 欢迎您!
大连网信软件有限公司© 版权所有